Respiro časopis pre kontinuálne vzdelávanie v pneumológii a ftizeológii

Podrobná bibliografia
Ďalší autori: Chovan, Ladislav, 1955-2008 (Šéfredaktor, zodpovedný redaktor), Leščišinová, Helena (Šéfredaktor, zodpovedný redaktor)
Médium: Časopis
Jazyk:slovenčina
Fyzický popis:zv. 30 cm
Vydavateľské údaje: Bratislava Trenčín LB International Q-EX 1999-
Trenčín Q-EX
Bardejov TB-Tlačiareň Bardejov
Bratislava Grafias Multimedia
ISSN:1335-3985
Predmet:

MARC

LEADER 00000cas a2200000 a 4500
001 vtls001477281
003 SK-MaSNL
005 20260425194133.0
008 040623c1999 xo qr|p 0 0b0slo
022 |a 1335-3985 
035 |a SNK000432581 
035 |a (SVKBB03)vtls000032922 
040 |a SNK  |b slo  |c SNK  |d SAVUK  |e AACR2 
041 0 |a slo 
044 |a xo  |c SK 
072 7 |a 616  |x Patológia. Klinická medicína  |2 konspekt 
080 |a 616-002.5  |2 2001 
080 |a 616.24  |2 2001 
080 |a 050  |2 2001 
210 0 |a Respiro  |b (Bratisl.) 
222 0 |a Respiro  |b (Bratislava) 
245 0 0 |a Respiro  |b časopis pre kontinuálne vzdelávanie v pneumológii a ftizeológii 
260 2 |3 2002, č.2-[2008]  |a Bratislava  |b LB International  |a Trenčín  |b Q-EX 
260 |a Trenčín  |b Q-EX  |c 1999- 
260 3 |3 2011-  |a Bardejov  |b TB-Tlačiareň Bardejov 
260 2 |3 2009-2010  |a Bratislava  |b Grafias Multimedia 
300 |a zv.  |c 30 cm 
310 |a 4x ročne  |b 2000, 2009, 2013- 
321 |a 3x ročne  |b 1999, 2001, 2012 
362 0 |a Roč. 1, č. 1 (1999)-roč. 6, č. 1 (2004); 2008- 
500 |a Šéfredaktor: 1999-2006, Ladislav Chovan, [2010]-, Helena Leščišinová 
650 0 7 |a tuberkulóza  |2 SNKPH  |9 2610 
650 0 7 |a pneumológia  |2 SNKPH  |9 913 
650 0 7 |a vzdelávanie  |2 SNKPH  |9 4033 
655 7 |a odborné časopisy  |2 SNKPH  |9 70505 
700 1 |a Chovan, Ladislav,  |d 1955-2008,  |4 pbd  |9 216166 
700 1 |a Leščišinová, Helena  |4 pbd  |9 249231 
910 |a snk 
910 |a savuk 
916 |a 1999-2004 
999 |c 4906  |d 6836 
952 |t č. 1-2  |a SNK  |b SNK  |y PREZ  |7 0  |p 17A0563950  |o snkČSB 5609/4/2002  |i snk2008/4060  |8 0  |f 1  |0 0  |1 0  |4 0  |d 2008-02-18  |l 0  |r 2026-02-21 20:16:04  |w 2026-02-21 
952 |t č. 1-3  |a SNK  |b SNK  |y PREZ  |7 0  |p 17A0563944  |o snkČSB 5609/1/1999  |i snk2008/4051  |8 0  |f 1  |0 0  |1 0  |4 0  |d 2008-02-18  |l 0  |r 2026-02-21 20:39:03  |w 2026-02-21 
952 |t č. 1-3  |a SNK  |b SNK  |y PREZ  |7 0  |p 17A0563945  |o snkČSB 5609/1/1999 D1  |i snk2008/4053  |8 0  |0 0  |1 0  |4 0  |d 2008-02-18  |l 0  |r 2026-02-21 20:39:03  |w 2026-02-21 
952 |t č. 1-4  |a SNK  |b SNK  |y PREZ  |7 0  |p 17A0563946  |o snkČSB 5609/2/2000  |i snk2008/4055  |8 0  |f 1  |0 0  |1 0  |4 0  |d 2008-02-18  |l 0  |r 2026-02-21 20:39:03  |w 2026-02-21 
952 |t č. 1-4  |a SNK  |b SNK  |y PREZ  |7 0  |p 17A0563947  |o snkČSB 5609/2/2000 D1  |i snk2008/4056  |8 0  |0 0  |1 0  |4 0  |d 2008-02-18  |l 0  |r 2026-02-21 20:39:03  |w 2026-02-21 
952 |t č. 1-3  |a SNK  |b SNK  |y PREZ  |7 0  |p 17A0563948  |o snkČSB 5609/3/2001  |i snk2008/4057  |8 0  |f 1  |0 0  |1 0  |4 0  |d 2008-02-18  |l 0  |r 2026-02-21 20:39:03  |w 2026-02-21 
952 |t č. 1-3  |a SNK  |b SNK  |y PREZ  |7 0  |p 17A0563949  |o snkČSB 5609/3/2001 D1  |i snk2008/4058  |8 0  |0 0  |1 0  |4 0  |d 2008-02-18  |l 0  |r 2026-02-21 20:39:03  |w 2026-02-21 
952 |t č. 1-2  |a SNK  |b SNK  |y PREZ  |7 0  |p 17A0563951  |o snkČSB 5609/4/2002 D1  |i snk2008/4062  |8 0  |0 0  |1 0  |4 0  |d 2008-02-18  |l 0  |r 2026-02-21 20:39:04  |w 2026-02-21 
952 |t č. 1-2  |a SNK  |b SNK  |y PREZ  |7 0  |p 17A0563952  |o snkČSB 5609/5/2003  |i snk2008/4064  |8 0  |f 1  |0 0  |1 0  |4 0  |d 2008-02-18  |l 0  |r 2026-02-21 20:39:04  |w 2026-02-21 
952 |t č. 1-2  |a SNK  |b SNK  |y PREZ  |7 0  |p 17A0563953  |o snkČSB 5609/5/2003 D1  |i snk2008/4066  |8 0  |0 0  |1 0  |4 0  |d 2008-02-18  |l 0  |r 2026-02-21 20:39:04  |w 2026-02-21 
952 |t č. 1  |a SNK  |b SNK  |y PREZ  |7 0  |p 17A0563954  |o snkČSB 5609/6/2004  |i snk2008/4067  |8 0  |f 1  |0 0  |1 0  |4 0  |d 2008-02-18  |l 0  |r 2026-02-21 20:39:04  |w 2026-02-21 
952 |t č. 1  |a SNK  |b SNK  |y PREZ  |7 0  |p 17A0563955  |o snkČSB 5609/6/2004 D1  |i snk2008/4068  |8 0  |0 0  |1 0  |4 0  |d 2008-02-18  |l 0  |r 2026-02-21 20:39:04  |w 2026-02-21